Premier League players 2023 - Statistics

General Stats
  • This quiz has been taken 45 times
  • The average score is 217 of 485
Answer Stats
Position Arsenal % Correct
Goalkeeper José Sá
100%
Goalkeeper Aaron Ramsdale
97%
Goalkeeper Emiliano Martínez
97%
Forward Gabriel Jesus
97%
Defender Lisandro Martínez
97%
Goalkeeper David Raya
95%
Defender Ben White
92%
Forward Bukayo Saka
92%
Defender Gabriel Magalhães
92%
Forward Gabriel Martinelli
92%
Defender William Saliba
92%
Midfielder Declan Rice
89%
Midfielder Morgan Gibbs-White
89%
Forward Ollie Watkins
89%
Forward Eddie Nketiah
87%
Midfielder Amadou Onana
84%
Goalkeeper André Onana
84%
Midfielder Bernardo Silva
84%
Midfielder Martin Ødegaard
84%
Defender Micky van de Ven
84%
Defender Rúben Dias
84%
Defender Thiago Silva
84%
Defender Adam Smith
82%
Goalkeeper Alisson Becker
82%
Forward Fábio Silva
82%
Midfielder Kai Havertz
82%
Forward Luis Díaz
82%
Forward Mohamed Salah
82%
Midfielder Thomas Partey
82%
Defender Connor Roberts
79%
Goalkeeper Ederson
79%
Forward Erling Haaland
79%
Forward Julián Álvarez
79%
Forward Marcus Rashford
79%
Defender Oleksandr Zinchenko
79%
Forward Son Heung-Min
79%
Defender Trent Alexander-Arnold
79%
Defender Virgil van Dijk
79%
Forward Alexander Isak
76%
Midfielder Alexis Mac Allister
76%
Defender Andrew Robertson
76%
Midfielder Bruno Fernandes
76%
Midfielder Cole Palmer
76%
Forward Darwin Núñez
76%
Midfielder Edson Álvarez
76%
Defender Harry Maguire
76%
Defender Joe Gomez
76%
Defender John Stones
76%
Midfielder Kevin De Bruyne
76%
Defender Kyle Walker
76%
Defender Luke Shaw
76%
Goalkeeper Nick Pope
76%
Midfielder Phil Foden
76%
Midfielder Sergio Gómez
76%
Midfielder Casemiro
74%
Forward Dominic Solanke
74%
Forward Jarrod Bowen
74%
Goalkeeper Jordan Pickford
74%
Defender Lucas Digne
74%
Defender Matty Cash
74%
Defender Raphaël Varane
74%
Defender Reece James
74%
Forward Richarlison
74%
Defender Takehiro Tomiyasu
74%
Defender Aaron Wan-Bissaka
71%
Forward Antony
71%
Midfielder Bruno Guimarães
71%
Forward Callum Wilson
71%
Forward Cody Gakpo
71%
Defender Diogo Dalot
71%
Midfielder Douglas Luiz
71%
Midfielder Harry Wilson
71%
Midfielder Jack Grealish
71%
Defender Kieran Trippier
71%
Forward Leandro Trossard
71%
Forward Nicolas Jackson
71%
Midfielder Rodri
71%
Defender Tyrone Mings
71%
Forward Anthony Gordon
68%
Midfielder Christian Eriksen
68%
Midfielder Curtis Jones
68%
Midfielder Eberechi Eze
68%
Midfielder Kaoru Mitoma
68%
Forward Raheem Sterling
68%
Forward Rasmus Højlund
68%
Forward Reiss Nelson
68%
Goalkeeper Robert Sánchez
68%
Midfielder Scott McTominay
68%
Forward Alejandro Garnacho
66%
Forward Anthony Martial
66%
Defender Davinson Sánchez
66%
Forward Diogo Jota
66%
Midfielder Emile Smith Rowe
66%
Midfielder James Maddison
66%
Forward Joelinton
66%
Defender Joël Matip
66%
Midfielder Leon Bailey
66%
Forward Michail Antonio
66%
Midfielder Moisés Caicedo
66%
Defender Nathan Aké
66%
Defender Ben Chilwell
63%
Defender Ben Johnson
63%
Forward Brennan Johnson
63%
Goalkeeper Caoimhín Kelleher
63%
Defender Cristian Romero
63%
Forward Dominic Calvert-Lewin
63%
Defender Ibrahima Konaté
63%
Forward Jadon Sancho
63%
Midfielder James Milner
63%
Midfielder John McGinn
63%
Midfielder Jorginho
63%
Defender Marc Cucurella
63%
Midfielder Michael Olise
63%
Midfielder Wataru Endo
63%
Goalkeeper Alphonse Areola
61%
Defender Axel Disasi
61%
Forward Chris Wood
61%
Midfielder Conor Gallagher
61%
Midfielder Dominik Szoboszlai
61%
Midfielder Enzo Fernández
61%
Defender Ezri Konsa
61%
Goalkeeper Guglielmo Vicario
61%
Midfielder Harvey Elliott
61%
Forward Jérémy Doku
61%
Goalkeeper Neto
61%
Defender Pau Torres
61%
Forward Pedro Neto
61%
Defender Rico Lewis
61%
Midfielder Dejan Kulusevski
58%
Defender Jakub Kiwior
58%
Defender Jonny Evans
58%
Defender Kostas Tsimikas
58%
Defender Lewis Dunk
58%
Midfielder Mason Mount
58%
Midfielder Matheus Nunes
58%
Midfielder Miguel Almirón
58%
Defender Sven Botman
58%
Defender Victor Lindelöf
58%
Goalkeeper Bernd Leno
55%
Midfielder Bryan Mbeumo
55%
Forward Christopher Nkunku
55%
Goalkeeper Dean Henderson
55%
Defender Eric Dier
55%
Forward João Pedro
55%
Forward Jordan Ayew
55%
Defender Josko Gvardiol
55%
Defender Manuel Akanji
55%
Defender Séamus Coleman
55%
Midfielder Aaron Ramsey
53%
Midfielder André Gomes
53%
Forward Beto
53%
Defender Dan Burn
53%
Forward Danny Welbeck
53%
Forward Evan Ferguson
53%
Defender Fabian Schär
53%
Midfielder Jacob Ramsey
53%
Defender James Tarkowski
53%
Midfielder João Gomes
53%
Defender Joel Ward
53%
Defender Kurt Zouma
53%
Midfielder Lewis Cook
53%
Goalkeeper Lukasz Fabianski
53%
Defender Michael Keane
53%
Midfielder Mykhailo Mudryk
53%
Defender Pedro Porro
53%
Forward Raúl Jiménez
53%
Goalkeeper Stefan Ortega
53%
Midfielder Tomás Soucek
53%
Forward Adama Traoré
50%
Forward Bénie Traoré
50%
Midfielder Bertrand Traoré
50%
Midfielder Boubacar Traoré
50%
Defender Diego Carlos
50%
Forward Elijah Adebayo
50%
Midfielder Hamed Traorè
50%
Forward Hwang Hee-Chan
50%
Defender Joachim Andersen
50%
Midfielder Joe Willock
50%
Defender Jurriën Timber
50%
Midfielder Kalvin Phillips
50%
Midfielder Kobbie Mainoo
50%
Midfielder Lucas Paquetá
50%
Defender Mads Andersen
50%
Midfielder Mateo Kovacic
50%
Midfielder Mohammed Kudus
50%
Forward Moussa Diaby
50%
Midfielder Pascal Groß
50%
Midfielder Pierre-Emile Højbjerg
50%
Midfielder Ryan Gravenberch
50%
Midfielder Sean Longstaff
50%
Defender Vitaliy Mykolenko
50%
Forward Willian
50%
Midfielder Abdoulaye Doucouré
47%
Forward Ansu Fati
47%
Forward Anthony Elanga
47%
Defender Ben Davies
47%
Midfielder Cheick Doucouré
47%
Forward Dwight McNeil
47%
Goalkeeper James Trafford
47%
Defender Jarell Quansah
47%
Defender Jarrad Branthwaite
47%
Goalkeeper Jason Steele
47%
Midfielder John Fleck
47%
Defender Marc Guéhi
47%
Goalkeeper Martin Dúbravka
47%
Forward Matheus Cunha
47%
Midfielder Pape Sarr
47%
Midfielder Philip Billing
47%
Goalkeeper Robin Olsen
47%
Midfielder Sandro Tonali
47%
Defender Tariq Lamptey
47%
Defender Tino Livramento
47%
Defender Vladimír Coufal
47%
Midfielder Yoane Wissa
47%
Defender Álex Moreno
45%
Midfielder Andreas Pereira
45%
Defender Antonee Robinson
45%
Defender Ben Mee
45%
Defender Benoît Badiashile
45%
Midfielder Boubacar Kamara
45%
Forward Bryan Gil
45%
Midfielder Carney Chukwuemeka
45%
Midfielder Christian Nørgaard
45%
Defender Destiny Udogie
45%
Defender Emerson Royal
45%
Midfielder Fábio Vieira
45%
Defender Jack Robinson
45%
Midfielder Jacob Murphy
45%
Midfielder James Ward-Prowse
45%
Defender Lewis Hall
45%
Defender Malo Gusto
45%
Goalkeeper Mark Flekken
45%
Midfielder Mathias Jensen
45%
Forward Noni Madueke
45%
Forward Odsonne Édouard
45%
Defender Pervis Estupiñán
45%
Midfielder Ross Barkley
45%
Midfielder Solly March
45%
Midfielder Tom Davies
45%
Defender Tyrick Mitchell
45%
Midfielder Youri Tielemans
45%
Defender Aaron Cresswell
42%
Defender Ashley Young
42%
Defender Craig Dawson
42%
Goalkeeper Djordje Petrovic
42%
Defender Emerson
42%
Defender Ethan Pinnock
42%
Midfielder Idrissa Gueye
42%
Forward Jean-Philippe Mateta
42%
Forward Jhon Durán
42%
Midfielder João Palhinha
42%
Defender Levi Colwill
42%
Midfielder Lewis Miley
42%
Defender Maximilian Kilman
42%
Midfielder Oliver Skipp
42%
Midfielder Oscar Bobb
42%
Defender Rayan Aït-Nouri
42%
Goalkeeper Sam Johnstone
42%
Midfielder Sander Berge
42%
Forward Simon Adingra
42%
Midfielder Sofyan Amrabat
42%
Goalkeeper Thomas Kaminski
42%
Midfielder Yves Bissouma
42%
Midfielder Adam Lallana
39%
Defender Adam Webster
39%
Midfielder Andre Brooks
39%
Goalkeeper Bart Verbruggen
39%
Forward Danny Ings
39%
Midfielder David Brooks
39%
Defender Joël Veltman
39%
Forward Keane Lewis-Potter
39%
Goalkeeper Matt Turner
39%
Defender Max Aarons
39%
Defender Milos Kerkez
39%
Forward Neal Maupay
39%
Defender Neco Williams
39%
Midfielder Will Hughes
39%
Defender Willy-Arnaud Boly
39%
Defender Aaron Hickey
37%
Midfielder Albert Sambi Lokonga
37%
Forward Alex Iwobi
37%
Defender Amari'i Bell
37%
Midfielder Andros Townsend
37%
Forward Armando Broja
37%
Forward Bobby De Cordova-Reid
37%
Forward Callum Hudson-Odoi
37%
Midfielder Harrison Reed
37%
Midfielder Harvey Barnes
37%
Midfielder James Garner
37%
Midfielder Leander Dendoncker
37%
Defender Lloyd Kelly
37%
Defender Marcos Senesi
37%
Defender Nathan Collins
37%
Defender Nathaniel Clyne
37%
Defender Nélson Semedo
37%
Forward Oliver McBurnie
37%
Defender Rico Henry
37%
Midfielder Rodrigo Bentancur
37%
Midfielder Alex Scott
34%
Midfielder Billy Gilmour
34%
Midfielder Giovani Lo Celso
34%
Defender Issa Diop
34%
Forward Jack Harrison
34%
Midfielder Jeffrey Schlupp
34%
Forward Julio Enciso
34%
Forward Justin Kluivert
34%
Midfielder Luke Harris
34%
Forward Lyle Foster
34%
Midfielder Marcus Tavernier
34%
Defender Matt Targett
34%
Midfielder Myles Peart-Harris
34%
Defender Nathan Patterson
34%
Midfielder Pablo Fornals
34%
Midfielder Roméo Lavia
34%
Forward Saïd Benrahma
34%
Defender Sergio Reguilón
34%
Forward Taiwo Awoniyi
34%
Defender Tim Ream
34%
Midfielder Tom Cairney
34%
Forward Amad Diallo
32%
Forward Antoine Semenyo
32%
Forward Cameron Archer
32%
Defender Chris Richards
32%
Forward Dango Ouattara
32%
Midfielder Frank Onyeka
32%
Defender Jan Paul van Hecke
32%
Forward Jay Rodríguez
32%
Midfielder Jefferson Lerma
32%
Forward Kieffer Moore
32%
Defender Matt Doherty
32%
Midfielder Mikkel Damsgaard
32%
Midfielder Nicolò Zaniolo
32%
Midfielder Pablo Sarabia
32%
Midfielder Ryan Christie
32%
Forward Ben Doak
29%
Defender Ben Godfrey
29%
Midfielder Cheikhou Kouyaté
29%
Defender Chris Mepham
29%
Defender Clément Lenglet
29%
Midfielder Danilo
29%
Defender Dara O'Shea
29%
Forward Divock Origi
29%
Defender Gabriel Osho
29%
Defender Illia Zabarnyi
29%
Midfielder Jack Hinshelwood
29%
Defender Jamaal Lascelles
29%
Defender Kristoffer Ajer
29%
Midfielder Mario Lemina
29%
Midfielder Marvelous Nakamba
29%
Defender Nayef Aguerd
29%
Defender Sèrge Aurier
29%
Midfielder Tahith Chong
29%
Defender Tom Lockyer
29%
Forward Zeki Amdouni
29%
Defender Angelo Ogbonna
26%
Defender Aymeric Laporte
26%
Forward Carlos Vinícius
26%
Forward Carlton Morris
26%
Defender Charlie Taylor
26%
Midfielder Elliot Anderson
26%
Defender Emil Krafth
26%
Midfielder Facundo Pellistri
26%
Forward Jacob Brown
26%
Forward Jaidon Anthony
26%
Midfielder James McAtee
26%
Midfielder Jean-Ricner Bellegarde
26%
Midfielder Lesley Ugochukwu
26%
Forward Luca Koleosho
26%
Goalkeeper Odysseas Vlachodimos
26%
Defender Ola Aina
26%
Midfielder Orel Mangala
26%
Defender Timothy Castagne
26%
Defender Tosin Adarabioyo
26%
Defender Toti
26%
Midfielder Vitaly Janelt
26%
Goalkeeper Wes Foderingham
26%
Forward Youssef Chermiti
26%
Goalkeeper Andrei Radu
24%
Forward Arnaut Danjuma
24%
Forward Divin Mubama
24%
Defender Felipe
24%
Defender George Baldock
24%
Defender Gonzalo Montiel
24%
Midfielder Gustavo Hamer
24%
Defender Hugo Bueno
24%
Defender Ian Maatsen
24%
Midfielder Ibrahim Sangaré
24%
Defender Joe Worrall
24%
Midfielder Jóhann Gudmundsson
24%
Defender Jordan Beyer
24%
Midfielder Josh Dasilva
24%
Defender Kenny Tete
24%
Forward Luis Sinisterra
24%
Midfielder Mahmoud Dahoud
24%
Forward Manor Solomon
24%
Defender Murillo
24%
Midfielder Nicolás Domínguez
24%
Midfielder Oliver Norwood
24%
Midfielder Philippe Coutinho
24%
Forward Rodrigo Muniz
24%
Midfielder Ryan Yates
24%
Defender Santiago Bueno
24%
Defender Teden Mengi
24%
Forward Wilson Odobert
24%
Defender Ameen Al Dakhil
21%
Defender Calvin Bassey
21%
Midfielder Carlos Baleba
21%
Midfielder Facundo Buonanotte
21%
Midfielder Hannibal Mejbri
21%
Defender Harry Toffolo
21%
Defender Issa Kaboré
21%
Midfielder Jairo Riedewald
21%
Midfielder Jakub Moder
21%
Defender James Hill
21%
Midfielder Jordan Clark
21%
Midfielder Josh Brownhill
21%
Midfielder Kevin Schade
21%
Defender Konstantinos Mavropanos
21%
Forward Lewis Dobbin
21%
Defender Mads Roerslev
21%
Midfielder Matt Ritchie
21%
Forward Saman Ghoddos
21%
Midfielder Sasa Lukic
21%
Defender Scott McKenna
21%
Defender Thilo Kehrer
21%
Goalkeeper Thomas Strakosha
21%
Midfielder Tommy Doyle
21%
Forward William Osula
21%
Midfielder Alfie Doughty
18%
Defender Chris Basham
18%
Defender Igor Julio
18%
Midfielder Ivan Perisic
18%
Forward Jacob Bruun Larsen
18%
Midfielder Josh Cullen
18%
Forward Matheus França
18%
Defender Moussa Niakhaté
18%
Midfielder Pelly Ruddock Mpanzu
18%
Midfielder Shandon Baptiste
18%
Defender Vitinho
18%
Defender Willy Kambwala
18%
Forward Chiedozie Ogbene
16%
Goalkeeper Dan Bentley
16%
Defender Fodé Ballo-Touré
16%
Defender Jayden Bogle
16%
Midfielder Joe Rothwell
16%
Midfielder Nathan Redmond
16%
Defender Nuno Tavares
16%
Forward Rhian Brewster
16%
Forward Sasa Kalajdzic
16%
Midfielder Vinicius Souza
16%
Defender Zanka
16%
Forward Alejo Véliz
13%
Forward Aleksandar Mitrovic
13%
Midfielder Jack Cork
13%
Midfielder Ryan Giles
13%
Defender Anel Ahmedhodzic
11%
Midfielder Anis Ben Slimane
11%
Defender Auston Trusty
11%
Forward Cauley Woodrow
11%
Defender John Egan
11%
Midfielder Naouirou Ahamada
11%
Midfielder Yehor Yarmoliuk
11%
Forward Anass Zaroury
8%
Defender Hjalmar Ekdal
8%
Midfielder Jesurun Rak-Sakyi
8%
Defender Luke Thomas
8%
Defender Max Lowe
8%
Defender Reece Burke
8%
Forward Ben Parkinson
5%
Midfielder David Ozoh
5%
Midfielder Luke Berry
5%
Forward Michael Obafemi
5%
Forward Michael Olakigbe
5%
Defender Yasser Larouci
5%
Forward Benicio Baker-Boaitey
3%
Midfielder Ben Osborn
3%
Defender Hannes Delcroix
3%
Forward Mike Trésor
3%
Forward Antwoine Hackford
0%
Forward Benson Manuel
0%
No matching quizzes found
Score Distribution
Percent of People with Each Score
Percentile by Number Answered
Your Score History
You have not taken this quiz